000 00607nam a22002297a 4500
003 UA-OsUOA
001 91423
007 ta
008 20121128b un ||||| |||| 00| 0 ukr d
100 _aТерен В.
090 _a821.161.2
_bТ35
942 _cBK
040 _aUA-OsUOA
_bukr
_cUA-OsUOA
_dUA-OsUOA
245 _aТривога обов'язок
_bвірші.,поеми
300 _a162 с.
955 _a2
041 _aukr
080 _a821.161.2
260 _aК.
_bДніпро
_c1985
650 7 _a82 Література. Літературознавство
_2UDC
999 _c377682
_d377682